01548nam a22002057a 450000500170000000800410001704000290005804100080008708200160009510000360011124501350014726000460028230000310032849000380035950002310039750506030062850600210123165000540125270000360130620150820152327.0150721s1928 ag ||||fr|||| 001 0 spa d cSandra YazodSandra Yazo0 aspa04220a865.9821 aAmeghino, Florentinod1854-191110aConceptos fundamentalescFlorentino Ameghino ; Compilación hecha por Alfredo J. TorcellibConferencias y escritos científicos  aBuenos Aires (Argentina)bEl Ateneoc1928 a229 páginasc19 x 13 cm. 0aGrandes escritores argentinosv16 aDetalles físicos: Encuadernación flexible. Tapa delantera con impresión de datos de publicación en dos tintas. Anteportada. Portada impresa en una sola tinta. Texto en una sola columna. Algunas notas al pie de página2 aGrandes escritores argentinos ; Conceptos fundamentales / Florencio Ameghino ; Introducción ; La antigüedad del hombre en el Plata ; La edad de piedra (Conferencia) ; Un recuerdo a la memoria de Darwin ; Filogenia: Principios de clasificación transformista basados en las leyes naturales y proposiciones matemáticas ; El temblor del 4 de junio de 1888: Sus antecedentes ; Una rápida ojeada a la evolución filogenética de los mamíferos ; Visión y realidad ; La vida y la inmortalidad ; Los infinitos ; El infinito material ; La constitución de la materia y el infinito movimiento aConsulta en sala 7aLiteratura argentinavEnsayos, conferencias, etc.1 aTorcelli, Alfredo J.eprólogo